Sensory Evaluation of Food Principles and Practices

Guardat en:
Dades bibliogràfiques
Autor principal: Lawless, Harry T.
Altres autors: Heymann, Hildegarde
Format: Desconegut
Idioma:anglès
Publicat: New York, USA: Springer, 2010.
Edició:Second edition
Col·lecció:Food Science Text Series
Matèries:
Etiquetes: Afegir etiqueta
Sense etiquetes, Sigues el primer a etiquetar aquest registre!

MARC

LEADER 00000 a2200000 4500
003 CL-VaPUC
005 20230907120422.0
008 201217b ||||| |||| 00| 0 eng d
999 |c 432353  |d 432351 
020 |a 978-1-4419-6487-8 
040 |c Pontificia Universidad Católica de Valparaíso 
082 |a 664.07 LAW 2010 
100 |a Lawless, Harry T.  |9 858891 
245 |a Sensory Evaluation of Food Principles and Practices 
250 |a Second edition 
260 |a New York, USA:  |b Springer,  |c 2010. 
300 |a 596 páginas  
440 |a Food Science Text Series  |9 858892 
583 |k GC  |c 20201217 
650 0 |a Alimentación  |x Evaluación sensorial  |9 859010 
700 |a Heymann, Hildegarde  |9 858907 
852 |a BIBCUR 
942 |2 ddc  |c BK 
952 |0 0  |1 0  |2 ddc  |4 0  |6 664_070000000000000_LAW_2010  |7 0  |8 A  |9 577208  |a BIBING  |b BIBING  |d 2020-12-17  |e 3  |g 105344.00  |i 5580358  |o 664.07 LAW 2010  |p 5580358  |r 2025-01-20  |t 1  |v 105344.00  |w 2020-12-17  |y BK  |k EIB 
952 |0 0  |1 0  |2 ddc  |4 0  |6 664_070000000000000_LAW_2010  |7 0  |8 R  |9 591382  |a BIBAGR  |b BIBAGR  |c GEN  |d 2023-08-30  |e 1  |g 75729.00  |i 5658512  |o 664.07 LAW 2010  |p 5658512  |r 2025-01-20  |t 2  |v 75729.00  |w 2023-08-30  |y BK  |k AGR 
952 |0 0  |1 0  |2 ddc  |4 0  |6 664_070000000000000_LAW_2010  |7 0  |8 R  |9 591459  |a BIBAGR  |b BIBAGR  |d 2023-09-06  |e 1  |g 75729.00  |i 5658584  |o 664.07 LAW 2010  |p 5658584  |r 2025-01-20  |t 3  |v 75729.00  |w 2023-09-06  |y BK  |k AGR